<?xml version="1.0" encoding="UTF-8"?>
<record
    xmlns:xsi="http://www.w3.org/2001/XMLSchema-instance"
    xsi:schemaLocation="http://www.loc.gov/MARC21/slim http://www.loc.gov/standards/marcxml/schema/MARC21slim.xsd"
    xmlns="http://www.loc.gov/MARC21/slim">

  <leader>00359nam a2200145Ia 4500</leader>
  <controlfield tag="003">OSt</controlfield>
  <controlfield tag="008">191201s2012    xx            000 0 und d</controlfield>
  <datafield tag="082" ind1=" " ind2=" ">
    <subfield code="a">624.151</subfield>
    <subfield code="b">SIS</subfield>
  </datafield>
  <datafield tag="100" ind1=" " ind2=" ">
    <subfield code="a">SINGH, Alam</subfield>
  </datafield>
  <datafield tag="245" ind1=" " ind2="0">
    <subfield code="a">Soil Engineering in Theory and Practice vol-1</subfield>
  </datafield>
  <datafield tag="260" ind1=" " ind2=" ">
    <subfield code="a">N. Delhi</subfield>
    <subfield code="b">CBS Publishers</subfield>
    <subfield code="c">2012</subfield>
  </datafield>
  <datafield tag="300" ind1=" " ind2=" ">
    <subfield code="a">973</subfield>
  </datafield>
  <datafield tag="650" ind1=" " ind2=" ">
    <subfield code="a">B.Tech(CE)</subfield>
  </datafield>
  <datafield tag="942" ind1=" " ind2=" ">
    <subfield code="2">ddc</subfield>
    <subfield code="c">BK</subfield>
  </datafield>
  <datafield tag="999" ind1=" " ind2=" ">
    <subfield code="c">5904</subfield>
    <subfield code="d">5904</subfield>
  </datafield>
  <datafield tag="952" ind1=" " ind2=" ">
    <subfield code="0">0</subfield>
    <subfield code="1">0</subfield>
    <subfield code="2">ddc</subfield>
    <subfield code="4">0</subfield>
    <subfield code="7">0</subfield>
    <subfield code="8">BTECHCE</subfield>
    <subfield code="a">PIET</subfield>
    <subfield code="b">PIET</subfield>
    <subfield code="d">2014-05-19</subfield>
    <subfield code="e">Orange Books International</subfield>
    <subfield code="g">695.00</subfield>
    <subfield code="k">64</subfield>
    <subfield code="l">0</subfield>
    <subfield code="o">624.151 SIS</subfield>
    <subfield code="p">24000</subfield>
    <subfield code="r">2019-12-04 00:00:00</subfield>
    <subfield code="v">465.65</subfield>
    <subfield code="w">2014-05-07</subfield>
    <subfield code="y">BK</subfield>
  </datafield>
  <datafield tag="952" ind1=" " ind2=" ">
    <subfield code="0">0</subfield>
    <subfield code="1">0</subfield>
    <subfield code="2">ddc</subfield>
    <subfield code="4">0</subfield>
    <subfield code="7">0</subfield>
    <subfield code="8">BTECHCE</subfield>
    <subfield code="a">PIET</subfield>
    <subfield code="b">PIET</subfield>
    <subfield code="d">2014-05-19</subfield>
    <subfield code="e">Orange Books International</subfield>
    <subfield code="g">695.00</subfield>
    <subfield code="k">64</subfield>
    <subfield code="l">0</subfield>
    <subfield code="o">624.151 SIS</subfield>
    <subfield code="p">24001</subfield>
    <subfield code="r">2019-12-04 00:00:00</subfield>
    <subfield code="v">465.65</subfield>
    <subfield code="w">2014-05-07</subfield>
    <subfield code="y">BK</subfield>
  </datafield>
  <datafield tag="952" ind1=" " ind2=" ">
    <subfield code="0">0</subfield>
    <subfield code="1">0</subfield>
    <subfield code="2">ddc</subfield>
    <subfield code="4">0</subfield>
    <subfield code="7">0</subfield>
    <subfield code="8">BTECHCE</subfield>
    <subfield code="a">PIET</subfield>
    <subfield code="b">PIET</subfield>
    <subfield code="d">2014-05-19</subfield>
    <subfield code="e">Orange Books International</subfield>
    <subfield code="g">695.00</subfield>
    <subfield code="k">64</subfield>
    <subfield code="l">0</subfield>
    <subfield code="o">624.151 SIS</subfield>
    <subfield code="p">24002</subfield>
    <subfield code="r">2019-12-04 00:00:00</subfield>
    <subfield code="v">465.65</subfield>
    <subfield code="w">2014-05-07</subfield>
    <subfield code="y">BK</subfield>
  </datafield>
  <datafield tag="952" ind1=" " ind2=" ">
    <subfield code="0">0</subfield>
    <subfield code="1">0</subfield>
    <subfield code="2">ddc</subfield>
    <subfield code="4">0</subfield>
    <subfield code="7">0</subfield>
    <subfield code="8">BTECHCE</subfield>
    <subfield code="a">PIET</subfield>
    <subfield code="b">PIET</subfield>
    <subfield code="d">2014-05-19</subfield>
    <subfield code="e">Orange Books International</subfield>
    <subfield code="g">695.00</subfield>
    <subfield code="k">64</subfield>
    <subfield code="l">0</subfield>
    <subfield code="o">624.151 SIS</subfield>
    <subfield code="p">24003</subfield>
    <subfield code="r">2019-12-04 00:00:00</subfield>
    <subfield code="v">465.65</subfield>
    <subfield code="w">2014-05-07</subfield>
    <subfield code="y">BK</subfield>
  </datafield>
  <datafield tag="952" ind1=" " ind2=" ">
    <subfield code="0">0</subfield>
    <subfield code="1">0</subfield>
    <subfield code="2">ddc</subfield>
    <subfield code="4">0</subfield>
    <subfield code="7">0</subfield>
    <subfield code="8">BTECHCE</subfield>
    <subfield code="a">PIET</subfield>
    <subfield code="b">PIET</subfield>
    <subfield code="d">2014-05-19</subfield>
    <subfield code="e">Orange Books International</subfield>
    <subfield code="g">695.00</subfield>
    <subfield code="k">64</subfield>
    <subfield code="l">1</subfield>
    <subfield code="o">624.151 SIS</subfield>
    <subfield code="p">24004</subfield>
    <subfield code="r">2024-06-28 00:00:00</subfield>
    <subfield code="s">2024-06-25</subfield>
    <subfield code="v">465.65</subfield>
    <subfield code="w">2014-05-07</subfield>
    <subfield code="y">BK</subfield>
  </datafield>
</record>
